000 00281nam a2200121Ia 4500
008 190216s9999||||xx |||||||||||||| ||und||
100 _aDesai S S M
245 0 _aEconomic Systems
260 _bHimalaya Publishing House
_c1982
300 _a426p
650 _aEconomics
942 _cBK
999 _c9698
_d9698